000 00310nam a22001217a 4500
003 SGT
082 _a301.2
_bB11M
100 _aमिश्र, वंदना
245 _aभारतीय समाज
260 _b नेशनल बुक ट्रस्ट
_c2011
300 _a132
942 _2ddc
_cBK
999 _c31875
_d31875